Swamy's Comilation on Right To Information (Record no. 5753)

MARC details
000 -LEADER
fixed length control field 00349nam a22001337a 4500
005 - DATE AND TIME OF LATEST TRANSACTION
control field 20181102153955.0
008 - FIXED-LENGTH DATA ELEMENTS--GENERAL INFORMATION
fixed length control field 181102b xxu||||| |||| 00| 0 eng d
041 ## - LANGUAGE CODE
Language code of text/sound track or separate title eng
100 ## - MAIN ENTRY--AUTHOR NAME
Personal name Muthuswamy,brinda,sanjeev
245 ## - TITLE STATEMENT
Title Swamy's Comilation on Right To Information
260 ## - PUBLICATION, DISTRIBUTION, ETC. (IMPRINT)
Place of publication Chennai
Name of publisher Swamy Publisher
Year of publication 2018
300 ## - PHYSICAL DESCRIPTION
Number of Pages p136
942 ## - ADDED ENTRY ELEMENTS (KOHA)
Koha item type Books
Holdings
Lost status Damaged status Home library Current library Shelving location Date acquired Source of acquisition Cost, normal purchase price Accession Number Koha item type Collection code Full call number
    JRU Library   On Display 02/11/2018 Purchase 355.00 22481 Books    
    JRU Library JRU Library SHELF-103-B 02/11/2018 Purchase 355.00 22482 Books ENGLISH LITERATURE 343.5916